00834nam a22002537a 45000010005000000030010000050050017000150080041000320200018000730400047000910410013001380820019001511000031001702450066002012640046002673000011003133360027003243370033003513380028003845000052004126500034004646530042004986530040005403625CO-MdFUSB20190202100541.0180314t1995 xxu||||| |||| 00| 0 spa d a0-8297-1503-7 aCO-MdFUSBbspacCO-MdFUSBdCO-MdFUSBCerda0 aspaheng04aG 227.4 A7881e1 aArthur, Kay (1933-)eautor 0aLiberados de la esclavitud a la manera de Dios c/ Kay Arthur 4aDeerfield, Florida, USA : bVida,c©1995 a76 Pag 2rdacontentatextobtxt 2rdamediaasin mediaciónbn 2rdacarrieravolumenbnc aTítulo original : Free from bondage God's way 7aDiosxEnseñanza bíblica2 aBiblia N.T. - Gálatas - Enseñanza aBiblia N.T. - Efesios - Enseñanza